• 首页
  • 本馆介绍
  • 公告通知
  • 最新文献
  • 馆藏检索
  • 电子资源
  • 读者导购
  • 参考咨询
  • 我的图书馆
  • 登录
  • 详细信息显示
  • 放入我的书架
  • 预约/预借图书
  • 作者相关作品
  • 分类相关作品
  • 丛书相关作品
  • 出版社相关作品

书目信息

  • 表格格式
  • 工作单格式
  • 卡片格式
题名:
东欧共产主义
    
 
作者: 拉科夫斯卡-哈姆斯通 , 捷尔吉 主编 ;林穗芳 译
分册:  
出版信息: 哈尔滨   黑龙江人民出版社  1984
页数: 394页
开本: 21cm
丛书名: 现代外国政治学术著作选译
单 册:
中图分类: D751.0 , D18
科图分类:
主题词: 共产主义-政治理论--研究--东欧 , 政治理论-共产主义--研究--东欧
电子资源:
ISBN:
000 00953nam2 2200313 45
001 0184014198
005 20040427150931.0
010    @dCNY1.80
091    @a3093.299
100    @a19950531d1984 emky0chiy0121 ea
101 1  @achi@ceng
102    @aCN@b230000
105    @ay z 000yy
106    @ar
200 10 @a东欧共产主义@Adong ou gong chan zhu yi@f(美)拉科夫斯卡-哈姆斯通,(美)捷尔吉主编@g林穗芳译
210    @a哈尔滨@c黑龙江人民出版社@d1984
215    @a394页@d21cm
225 2  @a现代外国政治学术著作选译
410  0 @120010@a现代外国政治学术著作选译
606    @a共产主义-政治理论@x研究@y东欧
606    @a政治理论-共产主义@x研究@y东欧
690    @aD751.0@v3
690    @aD18@v3
701  1 @a拉科夫斯卡-哈姆斯通@Ala ke fu si ka- ha mu si tong@4主编
701  1 @a捷尔吉@Ajie er ji@4主编
702  0 @a林穗芳@Alin sui fang@4译
801  0 @aCN@b上海图书馆@c20040427
801  2 @aCN@bNLC@c20040427
905    @f1@b129149@dD18@e3
    
    东欧共产主义/(美)拉科夫斯卡-哈姆斯通,(美)捷尔吉主编/林穗芳译.-哈尔滨:黑龙江人民出版社,1984
    394页;21cm.-(现代外国政治学术著作选译)
    
    
    ISBN :CNY1.80
    
●
相关链接 在E读中查询图书 在五车中查询图书 在当当中查询图书 在豆瓣中查询图书


正题名:东欧共产主义     索取号:D18/3         预约/预借

序号 登录号 条形码 馆藏地/架位号 状态 备注
1 0129149   001011247   第一借阅区/ [索取号:D18/3] 在馆    
2 0129150   000375178   第一样本阅览室/ [索取号:D18/3] 在馆    
唐山师范学院图书馆 欢迎您!
大连网信软件有限公司© 版权所有